00677nam a2200241 a 4500001001300000003000900013005001700022008004100039020001200080082001800092100001600110245004200126260002500168300000900193500003500202505001000237650002100247700001600268902000800284942000700292952011900299999001700418nice12345678IN_TiNIC20260116013926.0050524s1994 lona grp 000 0 eng  ac959.200a227.0601bBAR aBarret, C K aPaulb an Introduction to His Thought aLondonbCasselc1994 a180p aincludes index and biblioraphy2 aIndex aPauline Epistles1 aBarret, C K bSRS cBK 001040708StackRoom-aHMIbHMId2007-07-31g959.20l0o227.0601 BARp017529r2007-07-31v959.20w2005-05-24yBK c13134d13134